|
|
|
|
| LEADER |
00829nab a2200229 i 4500 |
| 001 |
acta17405 |
| 005 |
20240321154115.0 |
| 008 |
161015s1960 hu o 0|| hun d |
| 022 |
|
|
|a 0586-3686
|
| 040 |
|
|
|a SZTE Egyetemi Kiadványok Repozitórium
|b hun
|
| 041 |
|
|
|a hun
|
| 100 |
1 |
|
|a Ábrahám Ambrus
|
| 245 |
1 |
0 |
|a Összehasonlító faunisztikai vizsgálatok a Bükk-hegység kisvizeiben
|h [elektronikus dokumentum] /
|c Ábrahám Ambrus
|
| 260 |
|
|
|c 1960
|
| 300 |
|
|
|a 109-125
|
| 490 |
0 |
|
|a A Szegedi Pedagógiai Főiskola évkönyve
|
| 650 |
|
4 |
|a Természettudományok
|
| 650 |
|
4 |
|a Biológiai tudományok
|
| 695 |
|
|
|a Növényvilág - Bükk-hegység, Hidrobiológia
|
| 700 |
0 |
1 |
|a Biczók Ferenc
|e aut
|
| 700 |
0 |
1 |
|a Megyeri János
|e aut
|
| 856 |
4 |
0 |
|u http://acta.bibl.u-szeged.hu/17405/1/tanarkepzo_1960_2_109-125.pdf
|z Dokumentum-elérés
|